000 02718nam a2200265 i 4500
001 11780
003 ES-MaACL
005 20230906150155.0
007 t|
008 961028m19812003sp b |||| |dspa d
020 _a84-00-04774-5
080 _a929.7(460)"17"(093)
080 _a930.255(463.1 V)
245 0 0 _aPleitos de hidalguía que se conservan en el Archivo de la Real Chancillería de Valladolid
_b: extracto de sus expedientes : siglo XVIII /
_cextractados, ordenados y papeleteados bajo la dirección de Vicente de Cadenas y Vicent, por María Esperanza Alonso ... [et al.].
260 _aMadrid :
_bHidalguía :
_bInstituto Salazar y Castro,
_c1981-2003.
300 _a44 v. ;
_c26 cm.
505 8 _aContiene: t. 1. A-Alonso t. 2. Alsua-Angulo t. 3. Anievas-Azurmendi t. 4. Babiano-Bobes t. 5. Boces-Campillo t. 6. Campo-Ceballos t. 7. Ceballos-Cuesta t. 8. Cuesta-Díaz de Zumento t. 9. Diego-Duro de la Plaza t. 10. Ebro-Fernández t. 11. Fernández-Fernández Barona t. 12. Fernández Barona-Fernández de Rozada t. 13. Fernández Rozada-Gallo Díaz Calvo t. 14. Gallo del Rugallo-García t. 15. García-García del Rivero t. 16. García de Robles-Gómez de Cosio t. 17. Gómez de Cosio-González t. 18. González, Luis-González Olano t. 19. Gonzalez Olivares-Gutierrez, Matias t. 20. Gutiérrez, José-Herrero, Manuel t. 21. Herrero, Vicente-Izquierdo t. 22. Jado y Castillo-Longo, Francisco t. 23. López, Domingo-López Montenegro t. 24. López Montenegro-Lluba t. 25. Maceira-Martínez Ballesteros t. 26. Martínez Ballesteros-Medina Díez t. 27. Medina-Montenegro Calderón t. 28. Montenegro Izquierdo, Neira y Arevalo t. 29. Neira Bermúdez-Orive y Arciniega t. 30. Orive y Arciniega-Pardo de Prado t. 31. Pardo de Rivadeneira-Pérez Fernández t. 32. Pérez Fernández-Prado Ulloa t. 33. Prado y Velasco-Reigadas t. 34. Reimúndez Pardo-Rodríguez t. 35. Rodríguez-Rodríguez de la Vega t. 36. Rodríguez de Villafañe-Ruiz Huidobro t. 37. Ruiz Huidobro-Sáinz Manteca t. 38. Sáinz Mardones-Sánchez Malo t. 39. Sánchez Malo-Sierra Bustillo t. 40. Sierra del Campo-Tejada t. 41. Tejada Iñiguez-Vadillo t. 42. Vadillo, Matías de-Vega, Francisco de t. 43. Vega, Francisco de la-Villalaín, José de t. 44. Villalain, Agustín de-Zuriarrain y Otamendi, Juan Antonio de
610 2 7 _aArchivo de la Real Chancillería de Valladolid-
_vCatálogos.
_9169243
650 1 4 _aProcesos de hidalguía-
_vHistoria-
_vFuentes-
_vBibliografías.
_9169244
700 1 _aAlonso, María Esperanza.
_920232
700 1 _aCadenas y Vicent, Vicente de.
_933391
710 2 _aArchivo de la Real Chancillería de Valladolid.
_91426
710 2 _aInstituto Salazar y Castro.
_95230
852 _aES-MaACL
_jP-378
999 _c11780
_d11780